• 首页
  • 本馆介绍
  • 公告通知
  • 最新文献
  • 馆藏检索
  • 电子资源
  • 读者导购
  • 参考咨询
  • 我的图书馆
  • 登录
  • 详细信息显示
  • 放入我的书架
  • 预约/预借图书
  • 作者相关作品
  • 分类相关作品
  • 丛书相关作品
  • 出版社相关作品

书目信息

  • 表格格式
  • 工作单格式
  • 卡片格式
题名:
平民偶像崇拜
    
 
作者: 郑欣 著
分册:  
出版信息: 北京   中国传媒大学出版社  2008.01
页数: 336页
开本: 24cm
丛书名: 媒介经营大视野丛书
单 册:
中图分类: G220
科图分类:
主题词: 广播电视社会学--研究--中国
电子资源:
ISBN: 978-7-81127-039-6
000 01017oam2 2200265 450
001 012004202634
005 20130504153808.89
010    @a978-7-81127-039-6@dCNY48.00
100    @a20080110d2008 em y0chiy0110 ea
101 0  @achi
102    @aCN@b110000
105    @aa z 000yy
106    @ar
200 1  @a平民偶像崇拜@9ping min ou xiang chong bai@e电视选秀节目的传播社会学研究@f郑欣等著
210    @a北京@c中国传媒大学出版社@d2008.01
215    @a336页@c图@d24cm
225 2  @a媒介经营大视野丛书
330    @a本书第一次以电视选秀卷入最深的主体——青少年为研究对象,结合问卷调查和文本分析,对这一流行文化的生产过程和社会影响进行了全面梳理,提出平民文化是中国社会现代化进程中文化转型的产物的核心观点。
461  0 @12001 @a媒介经营大视野丛书
517 1  @a电视选秀节目的传播社会学研究@9dian shi xuan xiu jie mu di chuan bo she hui xue yan jiu
606 0  @a广播电视社会学@x研究@y中国
690    @aG220@v4
701  0 @a郑欣@9zheng xin@4著
801  0 @aCN@bNLC@c20080110
905    @b543264-68@dG220@e136@f5
    
    平民偶像崇拜:电视选秀节目的传播社会学研究/郑欣等著.-北京:中国传媒大学出版社,2008.01
    336页:图;24cm.-(媒介经营大视野丛书)
    
    
    ISBN 978-7-81127-039-6:CNY48.00
    本书第一次以电视选秀卷入最深的主体——青少年为研究对象,结合问卷调查和文本分析,对这一流行文化的生产过程和社会影响进行了全面梳理,提出平民文化是中国社会现代化进程中文化转型的产物的核心观点。
●
相关链接 在E读中查询图书 在五车中查询图书 在当当中查询图书 在豆瓣中查询图书


正题名:平民偶像崇拜     索取号:G220/136         预约/预借

序号 登录号 条形码 馆藏地/架位号 状态 备注
1 543264   205432646   第一样本阅览室/ [索取号:G220/136] 在馆    
2 543265   205432655   第四借阅区/ [索取号:G220/136] 在馆    
3 543266   205432664   第四借阅区/ [索取号:G220/136] 在馆    
4 543267   205432673   第四借阅区/ [索取号:G220/136] 在馆    
5 543268   205432682   第四借阅区/ [索取号:G220/136] 在馆    
唐山师范学院图书馆 欢迎您!
大连网信软件有限公司© 版权所有